Riconosci il Pokémon - Quiz n°494 - Statistics

Statistiche generali
  • Questo quiz è stato fatto 2 volte
  • Il punteggio medio è 5 su 10
Statistiche sulle risposte
Indizio Risposta % Corretto
Tipo Buio / Volante
100%
Generazione Quarta
100%
Altezza 0,9 m
50%
Peso 27,3 kg
50%
Sesso 50% ♂, 50% ♀
50%
Abilità Insonnia; Supersorte; Arroganza
50%
Stadio evoluzione Prima evoluzione
50%
Tasso di cattura 30 (8.8%)
0%
Pokémon Honchkrow
0%
Tasso di allevamento Medio-Lento
0%
Nessun quiz corrispondente trovato
Distribuzione punteggi
Percentuale di utenti per punteggio
Percentile per numero di risposta
I tuoi punteggi nel tempo
Non hai fatto questo quiz